El almohadón de plumas y otros cuentos / (Registro nro. 10511)

Detalles MARC
000 -LIDER
fixed length control field 01214nam a22003137a 4500
001 - NÚMERO DE CONTROL
Identificador de número de control 00571
003 - IDENTIFICACDOR DE NÚMERO DE CONTROL
control field DO-SdBNP
005 - DATE AND TIME OF LATEST TRANSACTION
control field 20231221075832.0
007 - CAMPOS FIJOS DE DESCRIPCIÓN FÍSICA
fixed length control field 00571
008 - ELEMENTOS DE LONGITUD FIJA
fixed length control field 160622b ag 2008| 00| 0 spa d
020 ## - ISBN
International Standard Book Number 9789870409243
040 ## - FUENTE DE CATALOGACIÓN
Agencia que crea de manera original el registro BPMSU
Idioma de catalogación spa
Agencia que realiza la transcripción BPMSU
082 #4 - NÚMERO DE CLASIFICACIÓN DECIMAL DE DEWEY
Classification number U863.5
Item number Q8c 2008
Edition number 22
100 1# - ASIENTO PRINCIPAL -- NOMBRE PERSONAL
Nombre personal Quiroga, Horacio
Fechas asociadas con el nombre 1878-1937
245 13 - MENCIÓN DE TITULO
Título El almohadón de plumas y otros cuentos /
Mención de responsabilidad Horacio Quiroga ; prólogo Pablo Ramos
260 ## - PUBLICACIÓN, DISTRIBUCIÓN, ETC. (PIE DE IMPRENTA)
Lugar de publicación, distribución, etc Buenos Aires, Argentina :
Nombre del editor, distribuidor, etc. Aguilar,
Fecha de publicación, distribución, etc 2008.
Fecha de impresión
300 ## - DESCRIPCIÓN FÍSICA
Extensión 196 p. :
Dimensiones 19 cm.
490 0# - MENCIÓN DE SERIES
Mención de serie Alfaguara
490 1# - MENCIÓN DE SERIES
Mención de serie Roja
505 0# - NOTA DE CONTENIDO
Texto normalizado de contenido Para noche de insomnio -- El. triple robo de Bellamore -- El almohadón de plumas -- La insolación -- La gallina degollada -- ; A la deriva -- El alambre de púa -- El yaciyateré -- En la noche ; El hombre muerto -- La cámara oscura -- El desierto -- La señorira leona -- La bella y la bestia -- El hijo -- Las moscas réplica del "El hombre Muerto".
590 ## - NOTA LOCAL
Enlace Inventariado, 2023/VM
650 #4 - ENCABEZAMIENTO DE MATERIA--TEMÁTICO
Término temático o nombre geográfico como elemento de entrada Cuentos uruguayos
650 #4 - ENCABEZAMIENTO DE MATERIA--TEMÁTICO
Término temático o nombre geográfico como elemento de entrada Familia
Subdivisión de forma Cuentos
700 1# - ASIENTO SECUNDARIO -- NOMBRE PERSONAL
Nombre personal Ramos, Pablo,
Mención de responsabilidad pról.
830 #0 - ASIENTO SECUNDARIO DE SERIE--TÍTULO UNIFORME
Título uniforme Alfaguara
830 #0 - ASIENTO SECUNDARIO DE SERIE--TÍTULO UNIFORME
Título uniforme Roja
910 ## - VALIDACIÓN
Validación VMateo V. Control de calidad (BPMSU)
942 ## - ADDED ENTRY ELEMENTS (KOHA)
Source of classification or shelving scheme Dewey Decimal Classification
Koha item type Libros
Existencias
Withdrawn status Lost status Source of classification or shelving scheme Damaged status Not for loan Collection code Home library Current library Date acquired Source of acquisition Full call number Barcode Date last seen Price effective from Koha item type Copy number
    Dewey Decimal Classification     Colección General Biblioteca Pública Metropolitana Salomé Ureña Biblioteca Pública Metropolitana Salomé Ureña 06/22/2016 Santillana BPMSU CG U863.5 Q8a 2008 BPMSU16060384 06/22/2016 06/22/2016 Libros  
    Dewey Decimal Classification       Biblioteca Pública Metropolitana Salomé Ureña Biblioteca Pública Metropolitana Salomé Ureña 06/22/2016 Santillana BPMSU CG U863.5 Q8a 2008 BPMSU16060385 06/22/2016 06/22/2016 Libros e.2
    Dewey Decimal Classification       Biblioteca Pública Metropolitana Salomé Ureña Biblioteca Pública Metropolitana Salomé Ureña 07/11/2016 Santillana BPMSU CG U863.5 Q8a 2008 BPMSU16070352 07/11/2016 07/11/2016 Libros e.3